000 00776nam a2200277Ia 4500
008 160803s9999 xx 000 0 und d
020 _a9780545389105
100 _aCholdenko, Gennifer
245 _aAl Capone shines my shoes /
245 _cGennifer Choldenko.
260 _aNew York :
260 _bScholastic Inc.
260 _c2009
300 _a274 pages ;
300 _c22 cm
500 _aSequel to: Al Capone does my shirts.
650 _aAlcatraz Island (Calif.) -- History -- 20th century --
650 _aAutism --
650 _aBrothers and sisters --
650 _aUnited States Penitentiary, Alcatraz Island, California --
650 _xFiction.
650 _xFiction.
650 _xFiction.
650 _xFiction.
700 _a620
999 _c299553
_d299553